000 00523nam a22001697a 4500
005 20251108165809.0
008 250721s1999 xx 000 0 ara d
082 1 4 _a214.2/صوف
100 1 _aالصوفي، ماهر أحمد
245 1 0 _aالسحر و التنجيم بين الحقائق و الأوهام /
264 1 _aحلب :
_bمكتبة الرضوان،
_c1999.
300 _a198ص
650 1 7 _aالعقيدة الدينية
650 1 7 _aالسحر و التنجيم
942 _2ddc
_cBK
999 _c31550
_d31550